10 najludniejszych gmin Islandii - Statystyki

Ogólne statystyki
  • Ten quiz został rozwiązany 7 razy
  • Średni wynik to 1 z 9
Statystyki odpowiedzi
Ludność Gmina % Poprawnych
14 924 Reykjanesbaer
67%
14 453 Garoabaer
33%
33 205 Kopavogsbaer
33%
6 767 Akraneskaupstaour
0%
18 191 Akureyrarkaupstaour
0%
27 875 Hafnarfjaroarkaupstaour
0%
9 300 Mosfellsbaer
0%
121 822 Reykjavikurborg
0%
8 052 Sveitarfelagio Arborg
0%
Nie znaleziono quizów pasujących do podanych kryteriów
Rozkład punktacji
Procent ludzi z każdym wynikiem
Percentyl według liczby udzielonych odpowiedzi
Twoja historia wyników
Nie rozwiązałeś tego quizu